Statistiques concernant Classement des animaux.

Cliquez ici pour prendre le quiz!

Statistiques générales

  • Ce quiz a été pris 374 fois
  • Le résultat moyen est 6 sur 15

Statistiques - réponses

HintRéponse% Correct
Le plus rapide sur terreguépard
89%
Le plus grand en hauteurgirafe
75%
Le plus proche de l'hommechien
73%
Le plus lourd sur terreéléphant
70%
Le plus rusérenard
66%
Le plus meurtriermoustique
58%
Le plus lourd en merbaleine bleue
54%
Le plus lentparesseux
48%
Le plus rapide dans les airsfaucon pèlerin
37%
Le plus fortgorille à dos argenté
33%
Le plus solitairejaguar
14%
Le plus gourmandmarmotte
4%
Le plus bêteméduse
4%
Le plus anciencyprine
0%
Le plus rapide en mermakaire bleu
0%

Distribution des résultats

Percentile par nombre de réponses

% des personnes avec chaque résultat

Votre développement - résultats

Vous n’avez pas pris ce quiz